Die Top 10 gefährlichsten Bahnhöfe Deutschlands - Statistiken

Allgemein
  • Dieses Quiz wurde 117 mal gespielt
  • Das Durchschnittsergebnis liegt bei 8 aus 10
Antwortstatistiken
# Stadt % Korrekt
3 Berlin
100%
9 Frankfurt
97%
6 Hamburg
95%
7 München
93%
4 Köln
92%
2 Dortmund
83%
1 Leipzig
77%
10 Düsseldorf
76%
5 Hannover
73%
8 Nürnberg
62%
Keine übereinstimmenden Quizze gefunden
Verteilung der Resultate
Anzahl Personen mit jedem Resultat
Perzentil nach korrekt beantworteten Fragen
Ihre Resultats-Entwicklung
Sie haben dieses Quiz noch nicht gespielt